Riconosci la Squadra di calcio - Quiz n°320 - Statistics

Statistiche generali
  • Questo quiz è stato fatto 9 volte
  • Il punteggio medio è 9 su 10
Statistiche sulle risposte
Indizio Risposta % Corretto
Trofei nazionali 1 Coppe di Germania
100%
Titoli nazionali 1 Titolo di Germania
100%
Divisione nazionale 2023-2024 Prima
100%
Colori sociali Rosso e nero
100%
Fondazione 1904
88%
Trofei internazionali 1 Coppe UEFA/Europa League
88%
Capienza Stadio 30 210 posti
88%
Simboli Leone
88%
Confederazione UEFA
88%
Squadra Bayer Leverkusen
63%
Nessun quiz corrispondente trovato
Distribuzione punteggi
Percentuale di utenti per punteggio
Percentile per numero di risposta
I tuoi punteggi nel tempo
Non hai fatto questo quiz